| 000 | 00480nam a2200157 i 4500 | ||
|---|---|---|---|
| 001 | 89391 | ||
| 003 | ES-MaACL | ||
| 007 | t| | ||
| 008 | 050110s1960 sp ||||1| spa d | ||
| 100 | 1 |
_aLapierre, Claude. _970156 |
|
| 245 | 1 | 0 |
_aValoración de puestos de trabajo / _cpor Claude Lapierre ; traducida por Emilio Bascones. |
| 260 |
_aBilbao : _bDeusto, _c[1960] |
||
| 300 |
_a350 p. : _bil. ; _c24 cm. |
||
| 700 | 1 |
_aBascones, Emilio. _926266 |
|
| 852 |
_aES-MaACL _jE-2471 _bR.47948 |
||
| 999 |
_c89391 _d89391 |
||